000 01229nam a2200409 i 4500
001 16484
003 KOSZ 005
005 20200720131926.0
008 070902s1969 pl a f |000 0 pol
015 _aPB 1969/10557
035 _a(OCoLC)839144991
040 _aWA N
_cWA N
_dKOSZ 005/HR
046 _k1969
080 _a637.56
080 _a664.8/.9
080 _a664.017
080 _a(083.1)
100 1 _aKonarzewski, Józef
_eAutor
245 1 0 _aPoradnik towaroznawcy :
_bryby i przetwory rybne /
_cJózef Konarzewski.
260 _aWarszawa :
_b"Watra",
_c1969.
300 _a107, [1] s. :
_bil. ;
_c23 cm.
336 _2rdacontent
_aTekst
_btxt
337 _2rdamedia
_aBez urządzenia pośredniczącego
_bn
338 _2rdacarrier
_aWolumin
_bnc
380 _aKsiążki
380 _aPublikacje fachowe
388 _a1901-2000
388 _a1945-1989
650 4 _aTowaroznawstwo
650 4 _aPrzemysł rybny
650 4 _aRyby
650 4 _aTechnologia żywności
655 4 _aPoradnik
658 _aRolnictwo i leśnictwo
856 _uhttp://koha.tu.koszalin.pl/cgi-bin/koha/opac-detail.pl?biblionumber=16484
_yKatalog online BPK
942 _2UKD
_cKS
999 _c16484
_d16484